| 000 | 00785 a2200205 4500 | ||
|---|---|---|---|
| 008 | 080822t xxu||||| |||| 00| 0 eng d | ||
| 010 | _aENG-85127 | ||
| 020 |
_a8176489956 _c795.00 |
||
| 035 | _aEN-68660 | ||
| 037 | _bD.B.Act / Pub | ||
| 082 | _a581.634 | ||
| 100 | _aShrivastava, A. K. | ||
| 245 |
_aMedicinal plants _cby A. K. Shrivastava |
||
| 260 |
_aNew Delhi _bAPH Publishing Corporatioon _c2006 |
||
| 270 |
_a5, Ansari Road, Darya Ganj _bNew Delhi _e110 002 _maphbooks@vsnl.net _k011 23274050 |
||
| 300 |
_ax,348p. _b22cm. (Hb) |
||
| 710 | _a. | ||
| 942 |
_adpl _cEN _k581.634 / SHR _2ddc _h581.634 _mSHR |
||
| 999 |
_c1423 _d1423 |
||